| 000 | 01280nam a22003017a 4500 | ||
|---|---|---|---|
| 999 |
_c116769 _d116769 |
||
| 003 | dpl | ||
| 005 | 20181207165203.0 | ||
| 008 | 181207b ||||| |||| 00| 0 eng d | ||
| 010 | _aA-733856 | ||
| 020 |
_c150.00 _a8173151342 |
||
| 035 | _aA-733856 | ||
| 035 | _aB-78328 | ||
| 037 | _bCen Lib/Ret | ||
| 040 |
_aDPL _bHN _cdpl |
||
| 082 |
_aउ _bवर्मावृ |
||
| 100 |
_aवर्मा, वृन्दावनलाल _9130 |
||
| 245 |
_aसोती आग डूबता शंखनाद / _cवृन्दावनलाल वर्मा |
||
| 246 |
_aSoti aag doobta shankhanad / _bby Vrindavanlal Verma |
||
| 260 |
_aनयी दिल्ली _bप्रभात प्रकाशन _c1995 |
||
| 270 |
_bनयी दिल्ली _a4/11 असफ अली रोड _e110002 |
||
| 300 |
_a146पृ. _c19सेमी (सजिल्द) |
||
| 490 | _aवृन्दावनलाल वर्मा ग्रन्थमाला | ||
| 650 |
_aहिंदी साहित्य _968229 |
||
| 650 |
_aहिंदी साहित्य _xउपन्यास _942619 |
||
| 650 |
_aHindi literature _968230 |
||
| 650 |
_aHindi literature _xfiction _968231 |
||
| 942 |
_2ddc _cHN _hउ _mवर्मावृ |
||